000 00506nam a2200169Ia 4500
005 20250326140853.0
008 250326s9999 xx 000 0 und d
037 _aTextbook
040 _aFMSL
_beng
_cFMSL
041 _aeng
_2eng
084 _aSIGMA:f N8
_qFMSL
100 _aJanesick V J
_9743237
245 0 _aStretching exercises for qualitative researchers
_cJanesick V J
260 _aLondon
_bLondon, Sage publications
_c1995
942 _cTB
_hSIGMA:f N8
999 _c1287666
_d1287666